| 000 | 00527nam a2200205Ia 4500 | ||
|---|---|---|---|
| 003 | GCL | ||
| 008 | 140319s9999 xx 000 0 eng d | ||
| 040 |
_aGCL / _cGCL |
||
| 082 | 0 | 4 |
_a465 _bJE |
| 100 | 1 | _aJIMENEZ, EDOUARD | |
| 245 | 1 | 0 |
_aL'ESPAGNOL DES AFFAIRES / _cJIMENEZ, EDOUARD |
| 700 | 1 | _aGARCIA, ENRIQUE PASTOR | |
| 700 | 1 | _aANCIN, INAKI TAPIA | |
| 260 |
_a[S.N] : _bLE LIVRE DE POCHE ، _c1993 |
||
| 300 | _a415 | ||
| 650 | 0 | 4 | _aGRAMMAR |
| 650 | 0 | 4 | _aLINGUISTICS |
| 650 | 0 | 4 | _aSPANISH LANGUAGE |
| 942 |
_2ddc _cBK |
||
| 999 |
_c25380 _d25380 |
||